| 000 | 00832nam a2200205 a 4500 | ||
|---|---|---|---|
| 001 | 000041752 | ||
| 005 | 20201002035732.0 | ||
| 008 | 131023s1995 sp 000 0 spa d | ||
| 020 | _a8400075269 | ||
| 040 |
_aDO-SdBNP _bspa _cBNPHU |
||
| 100 | 1 |
_aOrejas Saco del Valle, Almudena _968603 |
|
| 245 | 1 | 0 |
_aDel "marco geográfico" a la arqueología del paisaje : _bla aportación de la fotografía aérea / _cAlmudena Orejas Saco del Valle. |
| 260 |
_aMadrid : _bConsejo Superior de Investigaciones Científicas,., _c1995. |
||
| 300 |
_a152 p. : _bil. ; _c21 cm. |
||
| 490 | 1 |
_aMonografías _v15 |
|
| 504 | _aIncluye referencias bibliográficas y notas al pie de las páginas | ||
| 504 | _aBibliografía : p. 123-152 | ||
| 710 | 2 |
_aConsejo Superior de Investigaciones Científicas (España) _915178 |
|
| 830 | 0 |
_aMonografías _v15 _915334 |
|
| 999 |
_c41241 _d41241 |
||